| 000 | 00606nam a22001937a 4500 | ||
|---|---|---|---|
| 005 | 20250613111519.0 | ||
| 010 | _aENG-145336 | ||
| 020 |
_a9789357374583 _c350.00 |
||
| 035 | _aEN-128868 | ||
| 037 | _bDBAD/PUB | ||
| 082 | _a615.19 | ||
| 100 |
_aLal, Sukhbir _981975 |
||
| 245 |
_aA Practical Book of Pharmaceutical Chemistry/ _cSukhbir Lal [and] Arpana Rana |
||
| 260 |
_aHaryana _bAuthors At _c2012 |
||
| 270 |
_aWard no. 5/1687, Jawahar Colony,Faridabad _bHaryana _e121001 |
||
| 300 |
_a163p.: _b25cm(pb) |
||
| 700 |
_aRana, Arpana _eAuthor _981976 |
||
| 942 |
_2ddc _cEN _h615.19 _mLAL |
||
| 999 |
_c211784 _d211784 |
||